| 000 | 00460nam a2200181Ia 4500 | ||
|---|---|---|---|
| 008 | 221030s9999 xx 000 0 und d | ||
| 020 | _a8185015635 | ||
| 041 | _aEnglish | ||
| 082 |
_a105.23 _bSea |
||
| 100 | _aF. W. Sears | ||
| 245 | 0 |
_aUniversity Physics _cby F. W. Sears, M. W. Zemansky, H. D. Young |
|
| 260 |
_bNarosa Pub. _aNew Delhi _c1998 |
||
| 300 | _a929 | ||
| 650 | _aPhysics | ||
| 700 | _aH. D. Young | ||
| 700 | _aM. W. Zemansky | ||
| 942 | _cBK | ||
| 999 |
_c1129 _d1129 |
||